| 000 | 00607nam a2200193 u 4500 | ||
|---|---|---|---|
| 001 | 000573585 | ||
| 003 | AM-YeHGA | ||
| 005 | 20250618073352.0 | ||
| 008 | 080326s1899 gs r 000 0 arm d | ||
| 040 | _aAM-YeHGA | ||
| 041 | 0 | _aarm | |
| 100 | 1 |
_aՇիրվանզադե, Ալեքսանդր Մինասի, _d1858-1935 _91334 |
|
| 245 | 1 | 0 |
_aՄելանիա : _bՎէպիկ / _cՇիրվանզադէ. |
| 260 |
_aԹիֆլիս : _bտպ. Կ. Մարտիրոսեանցի, _c1899. |
||
| 300 | _a112 էջ. | ||
| 440 | 0 |
_aԱղբիւր-Տարազի _v57 |
|
| 650 | 1 | 4 | _aՀայ գրականություն |
| 090 | _c230247 | ||
| 999 |
_c228700 _d228700 |
||